000 00395nam a2200145Ia 4500
008 231129s1996||||xx |||||||||||||| ||spa||
020 _a968-24-2886-6
040 _bspa
082 _a371.928 G155r
100 _aGalguera Isabel
245 0 _aEl retardo en el desarrollo: Teorí­a y práctica
260 _c1996
264 _aTrillas
942 _2ddc
_cBKS
999 _c12304
_d12304